|
|
|
|
| LEADER |
00000nam0a2200000 4500 |
| 001 |
205759 |
| 005 |
20231031190538.0 |
| 035 |
|
|
|a (RuTPU)RU\TPU\book\224245
|
| 090 |
|
|
|a 205759
|
| 100 |
|
|
|a 20111214d1984 m y0rusy50 ca
|
| 101 |
0 |
|
|a rus
|
| 102 |
|
|
|a RU
|
| 105 |
|
|
|a a z 001zy
|
| 200 |
1 |
|
|a Проблемы и опыт освоения нефтяных месторождений Западной Сибири
|e сборник научных трудов
|f Сибирский научно-исследовательский институт нефтяной промышленности (СибНИИНП) ; под ред. Я. М. Кагана
|
| 210 |
|
|
|a Тюмень
|c Гипротюменнефтегаз
|d 1984
|
| 215 |
|
|
|a 144 с.
|c ил.
|
| 320 |
|
|
|a Библиогр. в конце ст.
|
| 610 |
1 |
|
|a нефтяные месторождения
|
| 610 |
1 |
|
|a проблемы
|
| 610 |
1 |
|
|a освоение
|
| 610 |
1 |
|
|a опыт
|
| 610 |
1 |
|
|a Западная Сибирь
|
| 675 |
|
|
|a 622.276
|v 3
|
| 702 |
|
1 |
|a Каган
|b Я. М.
|4 340
|
| 712 |
0 |
2 |
|a Сибирский научно-исследовательский институт нефтяной промышленности (СибНИИНП)
|c (Тюмень)
|2 stltpush
|3 (RuTPU)RU\TPU\col\214
|
| 801 |
|
1 |
|a RU
|b 63413507
|c 20111214
|
| 801 |
|
2 |
|a RU
|b 63413507
|c 20111226
|g RCR
|
| 942 |
|
|
|c BK
|